Electric machinery and transformers (Record no. 440)

000 -LEADER
fixed length control field 00469nam a2200193 4500
001 - CONTROL NUMBER
control field 440
003 - CONTROL NUMBER IDENTIFIER
control field BD-DhUET
008 - FIXED-LENGTH DATA ELEMENTS--GENERAL INFORMATION
fixed length control field 140721b xxu||||| |||| 00| 0 eng d
020 ## - INTERNATIONAL STANDARD BOOK NUMBER
International Standard Book Number 81203007755
040 ## - CATALOGING SOURCE
Transcribing agency 0
Modifying agency BD-DhUET
082 ## - DEWEY DECIMAL CLASSIFICATION NUMBER
Classification number 623.1042
Item number KOS/1991
100 ## - MAIN ENTRY--PERSONAL NAME
Personal name Kosow, Irving L.
245 ## - TITLE STATEMENT
Title Electric machinery and transformers
250 ## - EDITION STATEMENT
Edition statement 2nd ed.
260 ## - PUBLICATION, DISTRIBUTION, ETC. (IMPRINT)
Place of publication, distribution, etc. New Delhi
Name of publisher, distributor, etc. Prentice-Hall
Date of publication, distribution, etc. 1991
300 ## - PHYSICAL DESCRIPTION
Extent xiv,626p.
650 #0 - SUBJECT ADDED ENTRY--TOPICAL TERM
Topical term or geographic name as entry element Electric machinery
942 ## - ADDED ENTRY ELEMENTS (KOHA)
Koha item type General Book
Holdings
Koha issues (times borrowed) Location (home branch) Koha normalized classification for sorting Sublocation or collection (holding branch) Koha item type Piece designation (barcode) Date acquired Price effective from Koha date last borrowed Damaged status Lost status Not for loan Koha date last seen Copy number Withdrawn status Shelving location Koha full call number Source of classification or shelving scheme
 Central Library, BUET623_104200000000000_KOS_1991Central Library, BUETGeneral Book1036802014-07-212014-07-21    2014-07-211 Circulation section623.1042/KOS/1991 
 Central Library, BUET623_104200000000000_KOS_1991Central Library, BUETGeneral Book1036812014-07-212014-07-21    2016-12-072 Circulation section623.1042/KOS/1991 
1Central Library, BUET623_104200000000000_KOS_1991Central Library, BUETGeneral Book1036822014-07-212014-07-212021-12-05   2021-12-153 Circulation section623.1042/KOS/1991 
 Central Library, BUET623_104200000000000_KOS_1991Central Library, BUETGeneral Book1036832014-07-212014-07-21    2014-07-214 Circulation section623.1042/KOS/1991 
 Central Library, BUET623_000000000000000_1042KOS199Central Library, BUETGeneral Book1036842014-07-212014-07-21    2014-07-215 Circulation section623.1042/KOS/1991 
 Central Library, BUET623_104200000000000_KOS_1991Central Library, BUETGeneral Book1036852014-07-212014-07-21    2014-07-216 Circulation section623.1042/KOS/1991 
 Central Library, BUET623_104200000000000_KOS_1991Central Library, BUETGeneral Book1036862014-07-212014-07-21    2014-07-217 Circulation section623.1042/KOS/1991 
 Central Library, BUET623_000000000000000_1042KOS199Central Library, BUETGeneral Book1036882014-07-212014-07-21    2016-11-298 Circulation section623.1042/KOS/1991 
 Central Library, BUET623_104200000000000_KOS_1991Central Library, BUETGeneral Book1036892014-07-212014-07-21    2017-03-119 Circulation section623.1042/KOS/1991